Marvel Characters by Picture #2 - Statistics

General Stats
  • This quiz has been taken 231 times
  • The average score is 19 of 20
Answer Stats
Picture Answer % Correct
Scarlet Witch
99%
Peter Quill
98%
Red Skull
97%
Black Widow
96%
Sandman
96%
Thing
96%
Doctor Octopus
95%
Human Torch
94%
Mister Fantastic
94%
Spider-Gwen
94%
Beast
92%
Ms. Marvel
92%
Mysterio
92%
Cyclops
90%
Wasp
90%
Invisible Woman
89%
Punisher
88%
Galactus
87%
M.O.D.O.K.
85%
Mystique
84%
No matching quizzes found
Score Distribution
Percent of People with Each Score
Percentile by Number Answered
Your Score History
You have not taken this quiz